Southville International School and Colleges
Your cart is empty.
  • Cart
  • Lists
    Public lists Eva Luna New books Lux_list list_1
    Your lists Log in to create your own lists
  • Log in to your account
  • Your cookies
  • Search history
Southville International School and Colleges
  • Advanced search
  • Recent comments
  • Most popular
  • Libraries

Log in to your account

Log in with GOOGLE


If you do not have an external account, but do have a local account, you can still log in:

  1. Home
  2. MARC view: Journalism for Filipinos /
Normal view MARC view ISBD view

Journalism for Filipinos / (Record no. 290984)

[ view plain ]
MARC details
000 -LEADER
fixed length control field 00676nam a2200229Ia 4500
008 - FIXED-LENGTH DATA ELEMENTS--GENERAL INFORMATION
fixed length control field 160216s9999 xx 000 0 und d
020 ## - INTERNATIONAL STANDARD BOOK NUMBER
International Standard Book Number 971-08-6358-4
050 ## - LIBRARY OF CONGRESS CALL NUMBER
Classification number FIL PN 4793
050 ## - LIBRARY OF CONGRESS CALL NUMBER
Item number .P45M35 2003 c.2
100 ## - MAIN ENTRY--PERSONAL NAME
Personal name Malinao, Alito L.
245 ## - TITLE STATEMENT
Title Journalism for Filipinos /
245 ## - TITLE STATEMENT
Statement of responsibility, etc Alito L. Malinao.
250 ## - EDITION STATEMENT
Edition statement 3rd Edition
260 ## - PUBLICATION, DISTRIBUTION, ETC. (IMPRINT)
Place of publication, distribution, etc Mandaluyong:
260 ## - PUBLICATION, DISTRIBUTION, ETC. (IMPRINT)
Name of publisher, distributor, etc National Book Store,
260 ## - PUBLICATION, DISTRIBUTION, ETC. (IMPRINT)
Date of publication, distribution, etc 2003
300 ## - PHYSICAL DESCRIPTION
Extent 497 pages :
300 ## - PHYSICAL DESCRIPTION
Other physical details ill. ;
300 ## - PHYSICAL DESCRIPTION
Dimensions 22 cm.
500 ## - GENERAL NOTE
General note Includes bibliographical references and index.
650 ## - SUBJECT ADDED ENTRY--TOPICAL TERM
Topical term or geographic name as entry element 1. Journalism -- Study and teaching -- Philippines. 2. Journalism -- Philippines -- Authorship.
Holdings
Withdrawn status Lost status Damaged status Home library Current library Shelving location Date acquired Total Checkouts Full call number Barcode Date last seen Price effective from Koha item type
      South Mansfield College South Mansfield College Filipiniana Section     FIL PN 4793 .P45M35 2003 c.2 SMC00273 02/16/2016 02/16/2016  

Journalism for Filipinos /

APA

Malinao A. L., .Journalism for Filipinos. Mandaluyong: .

Chicago

Malinao Alito L, .Journalism for Filipinos. Mandaluyong: .

Harvard

Malinao A. L., .Journalism for Filipinos. Mandaluyong: .

MLA

Malinao Alito L, .Mandaluyong: . .

  • Place hold
  • Print
  • Cite
  • Add to your cart (remove)
  • Save record
    BIBTEX Dublin Core MARCXML MARC (non-Unicode/MARC-8) MARC (Unicode/UTF-8) MARC (Unicode/UTF-8, Standard) MODS (XML) RIS
  • More searches
    Search for this title in:
    Other Libraries (WorldCat) Other Databases (Google Scholar) Online Stores (Bookfinder.com) Open Library (openlibrary.org)

Exporting to Dublin Core...

SOUTHVILLE LIBRARY

Southville International School and Colleges Library

1281 Tropical Ave. Cor. Luxembourg St., BF Homes International, Las Pinas City

Tel. No. 8256374 / 252358 Loc. 117/146

Powered by Koha